00645nam a22002057a 450000500170000001000130001702000260003003500130005603700160006904000120008508200170009710000190011424500820013326000320021527000450024730000250029250000520031765000300036965000400039920170124110131.0 aB-079284 c495.00a9788174362865 aB-079284 bCen Lib/Ret aDPLbEN a954.085bKAM aKarma, Sukeshi aBearing witness :cby Sukeshi Karmabpartition, independence end of the Raj / aNew DelhibRoli Booksc2002 aM-75, G. K. II MarketbNew Delhie110048 axvi,414p. c22cm(Hb) aIncludes bibliographical references and index  aPartition of India (1947) aIndia-Pakistan Conflict (1947-1949)